The Marshall Mathers LP - Eminem - Statistics

General Stats
  • This quiz has been taken 18 times
  • The average score is 14 of 19
Answer Stats
Songs Plays Artists % Correct
Stan 1,403,444,738 Eminem, Dido
100%
Drug Ballad 74,130,932 Eminem
92%
Kill You 313,973,304 Eminem
92%
The Way I Am 511,713,280 Eminem
92%
Bitch Please II 330,354,039 Eminem, Dr. Dre, Snoop Dogg, Xzibit, Nate Dogg
85%
Criminal 109,079,691 Eminem
85%
The Real Slim Shady 2,325,488,539 Eminem
85%
Amityville 37,940,430 Eminem, Bizarre
77%
Kim 66,609,488 Eminem
77%
Paul - Skit <1,000 Eminem
77%
I'm Back 89,192,068 Eminem
69%
Marshall Mathers 89,377,548 Eminem
69%
Public Service Announcement 2000 246,635 Eminem
62%
Ken Kaniff - Skit 13,391,877 Eminem
54%
Remember Me? 40,109,164 Eminem, RBX, Sticky Fingaz
54%
Steve Berman 22,093,217 Eminem, Steve Berman
54%
Under The Influence 146,648,328 Eminem, D12
54%
Who Knew 60,149,154 Eminem
54%
The Kids 16,114,598 Eminem
38%
No matching quizzes found
Score Distribution
Percent of People with Each Score
Percentile by Number Answered
Your Score History
You have not taken this quiz